Jaime Gil de Biedma (Record no. 10616)

MARC details
000 -LEADER
campo de control de longitud fija 00918nam a22002895i 4500
001 - NÚMERO DE CONTROL
campo de control 10616
003 - IDENTIFICADOR DE NÚMERO DE CONTROL
campo de control ES-MaACL
005 - FECHA Y HORA DE LA ÚLTIMA TRANSACCIÓN
campo de control 20250316181855.0
007 - CAMPO FIJO DE DESCRIPCIÓN FÍSICA--INFORMACIÓN GENERAL
campo de control de longitud fija t|
008 - DATOS DE LONGITUD FIJA--INFORMACIÓN GENERAL
campo de control de longitud fija 940603s1994 sp ||||0| spa j
020 ## - NÚMERO INTERNACIONAL ESTÁNDAR DEL LIBRO
Número Internacional Estándar del Libro 84-7769-084-7
040 ## - FUENTE DE CATALOGACIÓN
Centro catalogador/agencia de origen M-BN
Lengua de catalogación spa
Centro/agencia transcriptor M-BN
080 ## - NÚMERO DE LA CLASIFICACIÓN DECIMAL UNIVERSAL
Número de la Clasificación Decimal Universal 929 Ferraté, Joan
080 ## - NÚMERO DE LA CLASIFICACIÓN DECIMAL UNIVERSAL
Número de la Clasificación Decimal Universal 929 Gil de Biedma, Jaime
100 1# - ENTRADA PRINCIPAL--NOMBRE DE PERSONA
Nombre de persona Ferraté, Joan.
9 (RLIN) 50334
245 10 - MENCIÓN DEL TÍTULO
Título Jaime Gil de Biedma
Resto del título : cartas y artículos /
Mención de responsabilidad, etc. Juan Ferraté.
250 ## - MENCION DE EDICION
Mención de edición 1ª ed.
260 ## - PUBLICACIÓN, DISTRIBUCIÓN, ETC.
Lugar de publicación, distribución, etc. Barcelona :
Nombre del editor, distribuidor, etc. Quaderns Crema :
-- [Sirmio],
Fecha de publicación, distribución, etc. 1994.
300 ## - DESCRIPCIÓN FÍSICA
Extensión 222 p ;
Dimensiones 18 cm.
490 1# - MENCIÓN DE SERIE
Mención de serie Biblioteca general ;
Designación de volumen o secuencia 17
600 14 - PUNTO DE ACCESO ADICIONAL DE MATERIA--NOMBRE DE PERSONA
Nombre de persona Ferraté, Joan-
Subdivisión de forma Correspondencia.
9 (RLIN) 50335
600 14 - PUNTO DE ACCESO ADICIONAL DE MATERIA--NOMBRE DE PERSONA
Nombre de persona Gil de Biedma, Jaime-
Subdivisión de forma Correspondencia.
9 (RLIN) 56789
700 0# - ENTRADA AGREGADA--NOMBRE PERSONAL
Nombre de persona Gil de Biedma, Jaime,
Fechas asociadas al nombre 1929-1990
9 (RLIN) 56787
830 0# - PUNTO DE ACCESO ADICIONAL DE SERIE-TÍTULO UNIFORME
Título uniforme Biblioteca general ;
Designación de volumen o secuencia 17
9 (RLIN) 178820
852 ## - LOCALIZACIÓN
Ubicación ES-MaACL
Número de control de estantería L-17951
Sublocalización o colección R.123048
Holdings
Estatus retirado Estado de pérdida Estado de daño No para préstamo Biblioteca de origen Biblioteca actual Ubicación en estantería Fecha de adquisición Fuente de adquisición Total de préstamos Signatura topográfica completa Código de barras Visto por última vez Precio de reemplazo Tipo de ítem Koha
        Biblioteca del Ateneo de Madrid Biblioteca del Ateneo de Madrid Depósito 2 17/01/2008     L-17951 1010828 23/02/2023 23/02/2023 Libro impreso